000 00277nam a22001217a 4500
008 170309b xxu||||| |||| 00| 0 eng d
041 _aeng
080 _a61
100 _a6
101 _aSHM
245 _aANATOMIE MEDICO-CHIRUGICALE DE L'ABDOMEN
_cGREGOIRE, R
942 _2udc
_cBK
999 _c7379
_d7379